Journal of the association for computing machinery

Gespeichert in:
Bibliographische Detailangaben
Format: Schriftenreihe
Sprache:Englisch
Veröffentlicht: Baltimore Association for Computing Machinery 1984
Tags: Tag hinzufügen
Keine Tags, Fügen Sie das erste Tag hinzu!

MARC

LEADER 00000nas2a2200000 4500
001 s109325
005 20250730114202.1
041 0 |a eng 
044 |a US 
245 1 0 |a Journal of the association for computing machinery 
264 1 |a Baltimore  |b Association for Computing Machinery  |c 1984 
300 |a 1 zv. 
773 0 |w eu_un_cat*s120854